00873cam a2200289 45000010005000000030006000050050017000110080041000280100017000690200018000860400023001040500014001270820012001411000021001532450056001742500044002302600036002743000059003103500010003695050007003795200089003865210019004755210018004946500022005126500023005346500026005574442FISKH20240910092206.0720707s1973 nyua j 000 0 eng  a 72006068  a9780439063678 aDLCcDLCdDLCbeng aPZ8.W465  a813.54 1 aWells, Rosemary.10aNoisy Nora /cStory and pictures by Rosemary Wells. aFirst Scholastic printing, January 1999 aNew York : bScholastic, c1973 a30 unnumbered pages : bcolor illustrations ; c27 cm  a$3.95 aF  aFeeling neglected, Nora makes more and more noise to attract her parents' attention.8 a320 bLexile 8 aF bRaz-Plus  1aStories in rhyme. 1aBehaviorxFiction. 1aFamily lifexFiction.